LIBRARY & INFORMATION CENTRE, KCAET, TAVANUR

ONLINE PUBLIC ACCESS CATALOGUE (OPAC)

Science of engineering materials / (Record no. 1496)

MARC details
000 -LEADER
fixed length control field 00493cam a2200193ua 4500
041 ## - LANGUAGE CODE
Language code of text/sound track or separate title eng
082 ## - DEWEY DECIMAL CLASSIFICATION NUMBER
Classification number 620.11
Item number SRI/SC
100 ## - MAIN ENTRY--AUTHOR NAME
Personal name Sreenivasan, N.K .
245 ## - TITLE STATEMENT
Title Science of engineering materials /
250 ## - EDITION STATEMENT
Edition statement 1 /
260 ## - PUBLICATION, DISTRIBUTION, ETC. (IMPRINT)
Place of publication :
Name of publisher Oxford & IBH Publishing company ,
Year of publication 1983.
300 ## - PHYSICAL DESCRIPTION
Number of Pages 211 ; .
700 1# - ADDED ENTRY--PERSONAL NAME
Personal name Ramakrishnan, S.S .
942 ## - ADDED ENTRY ELEMENTS (KOHA)
Koha item type Books
Holdings
Withdrawn status Lost status Damaged status Home library Current library Date acquired Full call number Accession Number Koha item type
      KAUAET KAUAET 19/08/1986 620.11 15341 Books
free website counter